[Event "Florianopolis op 10th"]
[Site "Florianopolis"]
[Date "2024.01.25"]
[Round "7"]
[White "Mariani, Kim Paul"]
[Black "Cerrato, Alex"]
[Result "0-1"]
[WhiteElo "1530"]
[BlackElo "1884"]
[PlyCount "38"]
[EventDate "2024.01.20"]
[EventType "swiss"]
[EventRounds "10"]
[EventCountry "BRA"]
[SourceTitle "CB05_2024"]
[SourceDate "2024.01.31"]
[SourceVersion "1"]
[SourceVersionDate "2024.01.31"]
[SourceQuality "1"]

1. d4 d5 2. c4 e5 3. dxe5 d4 4. a3 Nc6 5. e3 f6 6. exf6 Nxf6 7. exd4 Qxd4 8. Be2 Bc5 9. Bh5+ g6 10. Qe2+ Qe5 11. Qxe5+ Nxe5 12. Be2 Be6 13. b3 0-0-0 14. Bb2 Bd4 15. Nc3 Rhe8 16. 0-0-0 Nfg4 17. Nh3 Bf5 18. Nd5 Bxf2 19. Bxe5 Rxd5 0-1

[Event "Criciuma op-B"]
[Site "Criciuma"]
[Date "2024.01.18"]
[Round "9"]
[White "Moura, Bernardo Lalane Mas"]
[Black "Mariani, Kim Paul"]
[Result "0-1"]
[WhiteElo "1327"]
[BlackElo "1530"]
[PlyCount "48"]
[EventDate "2024.01.12"]
[EventType "swiss"]
[EventRounds "9"]
[EventCountry "BRA"]
[SourceTitle "CB04_2024"]
[SourceDate "2023.10.16"]
[SourceVersion "1"]
[SourceVersionDate "2023.10.16"]
[SourceQuality "1"]

1. d4 d5 2. c4 e6 3. Nc3 c6 4. Nf3 dxc4 5. a4 Bb4 6. e3 b5 7. Nd2 Bb7 8. axb5 Bxc3 9. bxc3 cxb5 10. Be2 Nf6 11. Bf3 Qc7 12. Ba3 Bxf3 13. Qxf3 Nc6 14. e4 b4 15. Bxb4 Nxb4 16. cxb4 Qb6 17. Qc3 0-0 18. Rb1 Rfd8 19. e5 Nd5 20. Qxc4 Rac8 21. Qb3 Qxd4 22. Nf3 Qe4+ 23. Kf1 Nc3 24. Re1 Qd3+ 0-1

[Event "Florianopolis op-B"]
[Site "Florianopolis"]
[Date "2023.09.23"]
[Round "3"]
[White "Vicenzi, Liziane Nathalia"]
[Black "Mariani, Kim Paul"]
[Result "1/2-1/2"]
[WhiteElo "1487"]
[BlackElo "1643"]
[PlyCount "51"]
[EventDate "2023.09.22"]
[EventType "swiss"]
[EventRounds "6"]
[EventCountry "BRA"]
[SourceTitle "EXT 2024"]
[Source "ChessBase"]
[SourceDate "2023.10.10"]
[SourceVersion "1"]
[SourceVersionDate "2023.10.10"]
[SourceQuality "1"]

1. e4 c5 2. Nf3 e6 3. d3 d5 4. Nbd2 Nc6 5. g3 Bd6 6. Bg2 Nf6 7. 0-0 0-0 8. Re1 Qc7 9. Nf1 h6 10. h4 Rd8 11. Qe2 e5 12. N1h2 dxe4 13. dxe4 Nd4 14. Nxd4 cxd4 15. Qd3 Be6 16. Bd2 Rac8 17. Rac1 b5 18. Qf3 Be7 19. g4 Nh7 20. Qg3 f6 21. Kh1 a5 22. f4 exf4 23. Bxf4 Qc4 24. Qd3 Qxa2 25. b3 Qa3 26. e5 1/2-1/2

[Event "Wch U08"]
[Site "Batumi"]
[Date "2022.09.25"]
[Round "9"]
[White "Mariani, Kim Paul"]
[Black "Xu, Ryan1111"]
[Result "0-1"]
[WhiteElo "1306"]
[BlackElo "1590"]
[PlyCount "94"]
[EventDate "2022.09.16"]
[EventType "swiss"]
[EventRounds "11"]
[EventCountry "GEO"]
[SourceTitle "EXT 2023"]
[Source "ChessBase"]
[SourceDate "2022.10.05"]
[SourceVersion "1"]
[SourceVersionDate "2022.10.05"]
[SourceQuality "1"]

1. d4 d5 2. c4 c6 3. Nc3 Nf6 4. cxd5 cxd5 5. f3 Bf5 6. Qb3 Qd7 7. e4 Be6 8. Bb5 Nc6 9. e5 Ng8 10. Nge2 0-0-0 11. Be3 Kb8 12. Na4 Na5 13. Qb4 Nc6 14. Qb3 Na5 15. Qc3 Qxb5 16. Nc5 Rc8 17. a4 Qb6 18. 0-0 Nc6 19. Nf4 Qb4 20. Qd3 g6 21. a5 Bf5 22. Qd1 Bh6 23. Ra3 Bxf4 24. Bxf4 Qxd4+ 25. Qxd4 Nxd4 26. e6+ Ka8 27. Be5 Ne2+ 28. Kf2 f6 29. Nd7 b5 30. axb6 Kb7 31. Rxa7+ Kc6 32. b7 Rd8 33. b8Q Rxb8 34. Nxb8+ Kb6 35. Rfa1 fxe5 36. Nd7+ Kb5 37. R1a4 Bxe6 38. Nxe5 Nc1 39. Ke3 Nf6 40. R4a5+ Kb4 41. Nc6+ Kc4 42. Rb7 d4+ 43. Kd2 Nb3+ 44. Kc2 d3+ 45. Kb1 Nxa5 46. Nxa5+ Kd4 47. Rb5 Rc8 0-1

[Event "Wch U08"]
[Site "Batumi"]
[Date "2022.09.21"]
[Round "6"]
[White "Mariani, Kim Paul"]
[Black "Kais, Kristofer"]
[Result "1-0"]
[WhiteElo "1306"]
[BlackElo "1131"]
[PlyCount "41"]
[EventDate "2022.09.16"]
[EventType "swiss"]
[EventRounds "11"]
[EventCountry "GEO"]
[SourceTitle "EXT 2023"]
[Source "ChessBase"]
[SourceDate "2022.10.05"]
[SourceVersion "1"]
[SourceVersionDate "2022.10.05"]
[SourceQuality "1"]

1. d4 Nf6 2. c4 e6 3. a3 d5 4. Nc3 Nbd7 5. cxd5 Nxd5 6. e4 Nxc3 7. bxc3 c5 8. Nf3 cxd4 9. cxd4 Nf6 10. Bd3 Be7 11. 0-0 0-0 12. Bf4 Bd7 13. Qd2 Bc6 14. Rfe1 Qd7 15. Ne5 Qxd4 16. Nxc6 bxc6 17. e5 Nd5 18. Bxh7+ Kxh7 19. Qxd4 Rad8 20. Qe4+ g6 21. Qf3 1-0

[Event "Wch U08"]
[Site "Batumi"]
[Date "2022.09.20"]
[Round "5"]
[White "Konovalov, Aleksei"]
[Black "Mariani, Kim Paul"]
[Result "1-0"]
[WhiteElo "2219"]
[BlackElo "1306"]
[PlyCount "43"]
[EventDate "2022.09.16"]
[EventType "swiss"]
[EventRounds "11"]
[EventCountry "GEO"]
[SourceTitle "EXT 2023"]
[Source "ChessBase"]
[SourceDate "2022.10.05"]
[SourceVersion "1"]
[SourceVersionDate "2022.10.05"]
[SourceQuality "1"]

1. e4 c5 2. Nf3 e6 3. d4 cxd4 4. Nxd4 Nc6 5. Nc3 Nf6 6. Ndb5 Bb4 7. a3 Bxc3+ 8. Nxc3 d5 9. exd5 exd5 10. Bg5 d4 11. Bxf6 Qxf6 12. Qe2+ Be6 13. Ne4 Qd8 14. 0-0-0 0-0 15. Qh5 Rc8 16. Bd3 h6 17. g4 Na5 18. g5 Ba2 19. b4 Bb3 20. gxh6 Bxc2 21. Bxc2 Qc7 22. Nf6+ 1-0

[Event "Florianopolis Autumn op U1800"]
[Site "Florianopolis"]
[Date "2022.05.15"]
[Round "5"]
[White "Venter, Paulo Regis"]
[Black "Mariani, Kim Paul"]
[Result "1-0"]
[WhiteElo "1580"]
[BlackElo "1147"]
[PlyCount "49"]
[EventDate "2022.05.13"]
[EventType "swiss"]
[EventRounds "6"]
[EventCountry "BRA"]
[SourceTitle "CBM 208 Extra"]
[Source "ChessBase"]
[SourceDate "2022.07.31"]
[SourceVersion "1"]
[SourceVersionDate "2022.07.31"]
[SourceQuality "1"]

1. e4 c5 2. Nc3 e6 3. d4 d5 4. Nf3 Nc6 5. Bb5 Nge7 6. dxc5 g6 7. Bf4 Bg7 8. Bxc6+ bxc6 9. Be5 f6 10. Bd6 0-0 11. 0-0 Ba6 12. Re1 Re8 13. Nd4 Nc8 14. Nxc6 Qd7 15. Nb4 Nxd6 16. Nxa6 Nc4 17. b4 Qb7 18. b5 dxe4 19. Rxe4 f5 20. Rxc4 Rad8 21. Qe2 Bxc3 22. Rxc3 Rd5 23. a4 Red8 24. h3 Rd2 25. Qxe6+ 1-0